[Event "Helsingor Xtracon op"]
[Site "Helsingor"]
[Date "2019.07.23"]
[Round "5"]
[White "Larsen, Preben R"]
[Black "Warston, Hakan"]
[Result "1-0"]
[WhiteElo "1844"]
[BlackElo "1656"]
[PlyCount "107"]
[EventDate "2019.07.20"]
[EventType "swiss"]
[EventRounds "10"]
[EventCountry "DEN"]
[SourceTitle "CBM 191 Extra"]
[Source "ChessBase"]
[SourceDate "2019.09.30"]
[SourceVersion "1"]
[SourceVersionDate "2019.09.30"]
[SourceQuality "1"]

1. e4 e6 2. d4 d5 3. Nc3 Nf6 4. Bg5 Be7 5. e5 Nfd7 6. h4 0-0 7. Bd3 f5 8. f4 c5 9. Nf3 Nc6 10. dxc5 Nxc5 11. Bf1 a6 12. Nd4 Bxg5 13. hxg5 g6 14. Nxc6 bxc6 15. Qd4 Qe7 16. Bd3 Nxd3+ 17. Qxd3 Qb4 18. 0-0 a5 19. Rf2 Ba6 20. Qh3 d4 21. Nd1 c5 22. c3 Qb6 23. cxd4 cxd4 24. Qb3 Qc6 25. Rc2 Qd7 26. Rac1 Rfc8 27. Nf2 Kf7 28. g3 Rxc2 29. Rxc2 Rc8 30. Rxc8 Qxc8 31. Qb6 a4 32. Qxd4 Qc6 33. Qd6 Qxd6 34. exd6 Ke8 35. Nd1 Bb5 36. Kf2 Kd7 37. Ke3 Kxd6 38. Kd4 Bd7 39. Ne3 Bc6 40. Nc4+ Kc7 41. Kc5 Bd5 42. a3 Kb7 43. Nd6+ Ka6 44. Ne8 Kb7 45. Nf6 Bc6 46. Nxh7 Kc7 47. Nf8 Be8 48. Nxe6+ Kd7 49. Nd4 Kc7 50. Nb5+ Kd7 51. Kb4 Kc6 52. Nc3 Kb6 53. Nxa4+ Bxa4 54. Kxa4 1-0

[Event "Helsingor Xtracon op"]
[Site "Helsingor"]
[Date "2018.07.27"]
[Round "8"]
[White "Le Besq, Alexander"]
[Black "Larsen, Preben R"]
[Result "1-0"]
[WhiteElo "2097"]
[BlackElo "1803"]
[PlyCount "87"]
[EventDate "2018.07.21"]
[EventType "swiss"]
[EventRounds "10"]
[EventCountry "DEN"]
[SourceTitle "CBM 185 Extra"]
[Source "ChessBase"]
[SourceDate "2018.07.29"]
[SourceVersion "1"]
[SourceVersionDate "2018.07.29"]
[SourceQuality "1"]

1. e4 e5 2. Nf3 Nc6 3. Bb5 a6 4. Ba4 Nf6 5. 0-0 d6 6. Re1 Bd7 7. c3 b5 8. Bc2 Be7 9. d4 exd4 10. cxd4 0-0 11. Nc3 Bg4 12. Be3 b4 13. Ne2 d5 14. e5 Ne4 15. Nd2 Bxe2 16. Qxe2 Nxd2 17. Qxd2 g6 18. Bh6 b3 19. Bxf8 Qxf8 20. Bxb3 Bb4 21. Qc1 Nxd4 22. Re3 Nxb3 23. Rxb3 c5 24. a3 Ba5 25. Rd3 Rd8 26. Qd1 d4 27. Qa4 Bc7 28. f4 a5 29. Rc1 Rc8 30. Qd7 Bb6 31. Qb5 Rb8 32. Qc6 Qd8 33. e6 f6 34. Re1 Qe7 35. Rb3 Bc7 36. Rxb8+ Bxb8 37. Qc8+ Qf8 38. e7 Qxc8 39. e8Q+ Qxe8 40. Rxe8+ Kf7 41. Rxb8 Ke6 42. Rd8 Kf5 43. Rd5+ Kxf4 44. Kf2 1-0

[Event "Copenhagen Challenge"]
[Site "Ballerup"]
[Date "2018.04.28"]
[Round "6"]
[White "Larsen, Preben R"]
[Black "Nielsen, Thomas1111"]
[Result "1-0"]
[WhiteElo "1796"]
[BlackElo "1585"]
[PlyCount "47"]
[EventDate "2018.04.25"]
[EventType "swiss"]
[EventRounds "9"]
[EventCountry "DEN"]
[SourceTitle "CBM 184 Extra"]
[Source "ChessBase"]
[SourceDate "2018.06.28"]
[SourceVersion "1"]
[SourceVersionDate "2018.06.28"]
[SourceQuality "1"]

1. e4 e6 2. d4 d5 3. Nc3 Bb4 4. e5 c5 5. a3 Bxc3+ 6. bxc3 c4 7. f4 Ne7 8. Nf3 Nbc6 9. Be2 0-0 10. 0-0 Nf5 11. Qe1 f6 12. Kh1 Bd7 13. g4 Nh6 14. exf6 gxf6 15. Qh4 Nf7 16. g5 fxg5 17. Nxg5 Nxg5 18. Rg1 Kh8 19. Rxg5 Rg8 20. f5 exf5 21. Bf4 Rxg5 22. Bxg5 Qe8 23. Bf6+ Kg8 24. Rg1+ 1-0

[Event "Helsingor Xtracon op"]
[Site "Helsingor"]
[Date "2017.07.30"]
[Round "10"]
[White "Kristiansen, Snorre"]
[Black "Larsen, Preben R"]
[Result "1-0"]
[WhiteElo "1699"]
[BlackElo "1860"]
[PlyCount "67"]
[EventDate "2017.07.22"]
[EventType "swiss"]
[EventRounds "10"]
[EventCountry "DEN"]
[SourceTitle "CBM 179 Extra"]
[Source "ChessBase"]
[SourceDate "2017.08.23"]
[SourceVersion "1"]
[SourceVersionDate "2017.08.23"]
[SourceQuality "1"]

1. e4 e5 2. Nf3 Nc6 3. Nc3 Bc5 4. Nxe5 Bxf2+ 5. Kxf2 Nxe5 6. d4 Nc6 7. Kg1 d6 8. Bc4 h6 9. h3 Nf6 10. Kh2 Qe7 11. Nd5 Qd8 12. Rf1 Nxd5 13. Bxd5 0-0 14. Qf3 Be6 15. Qg3 Kh7 16. Bxc6 bxc6 17. b3 f6 18. Bb2 Qd7 19. e5 f5 20. Ba3 Rfd8 21. Rad1 Rab8 22. c4 Rbc8 23. d5 Bg8 24. e6 Qe7 25. Rxf5 cxd5 26. cxd5 c6 27. dxc6 Qxe6 28. Qd3 Rxc6 29. Rf6+ Kh8 30. Rxe6 Bxe6 31. Qg3 Rc2 32. Rxd6 Rxd6 33. Qxd6 Bf5 34. Qf8+ 1-0

[Event "Helsingor Xtracon op"]
[Site "Helsingor"]
[Date "2017.07.25"]
[Round "5"]
[White "Kvamme, John Agnar"]
[Black "Larsen, Preben R"]
[Result "1-0"]
[WhiteElo "2116"]
[BlackElo "1860"]
[PlyCount "111"]
[EventDate "2017.07.22"]
[EventType "swiss"]
[EventRounds "10"]
[EventCountry "DEN"]
[SourceTitle "CBM 179 Extra"]
[Source "ChessBase"]
[SourceDate "2017.08.23"]
[SourceVersion "1"]
[SourceVersionDate "2017.08.23"]
[SourceQuality "1"]

1. Nf3 Nf6 2. g3 d5 3. Bg2 c6 4. 0-0 e6 5. d3 Be7 6. Nbd2 0-0 7. e4 dxe4 8. dxe4 Nbd7 9. e5 Ng4 10. Qe2 Qc7 11. Nc4 b5 12. Nd4 Ngxe5 13. Nxe5 Qxe5 14. Qxe5 Nxe5 15. Bf4 f6 16. Bxe5 fxe5 17. Nxc6 Bc5 18. b4 Bb6 19. Ne7+ Kf7 20. Bxa8 Kxe7 21. Be4 Kf6 22. Rad1 g6 23. Rd3 Ke7 24. Kg2 Bd7 25. f3 Rc8 26. c3 Rc4 27. Rfd1 Be8 28. h4 h6 29. g4 Kf6 30. Kg3 Ke7 31. Kg2 Kf6 32. Kf1 Ke7 33. Ke2 Kf6 34. Rf1 Ke7 35. Kd1 Bf7 36. Kc2 Be8 37. Kb3 Kf6 38. Rd2 Ke7 39. Rfd1 Kf6 40. Rd6 Ke7 41. R6d2 Kf6 42. Rg2 Ke7 43. Re1 Bc7 44. Bd3 Rf4 45. Be4 a5 46. bxa5 Bxa5 47. Rc1 Bb6 48. c4 bxc4+ 49. Rxc4 h5 50. Bb7 Bd4 51. a4 Kd6 52. Rc8 hxg4 53. Rxg4 Rf7 54. Be4 Re7 55. Rb8 Rh7 56. Rxe8 1-0

[Event "Helsingor Xtracon op"]
[Site "Helsingor"]
[Date "2017.07.23"]
[Round "3"]
[White "Storme, Isak"]
[Black "Larsen, Preben R"]
[Result "1-0"]
[WhiteElo "2129"]
[BlackElo "1860"]
[PlyCount "82"]
[EventDate "2017.07.22"]
[EventType "swiss"]
[EventRounds "10"]
[EventCountry "DEN"]
[SourceTitle "CBM 179 Extra"]
[Source "ChessBase"]
[SourceDate "2017.08.23"]
[SourceVersion "1"]
[SourceVersionDate "2017.08.23"]
[SourceQuality "1"]

1. e4 e5 2. Nf3 Nc6 3. Bb5 a6 4. Ba4 d6 5. 0-0 Nf6 6. Re1 Be7 7. c3 0-0 8. d4 b5 9. Bc2 exd4 10. cxd4 Bg4 11. Be3 Nb4 12. Bb3 c5 13. a3 Nc6 14. Nc3 Rc8 15. dxc5 dxc5 16. Nd5 Ne5 17. Bf4 Nxf3+ 18. gxf3 Be6 19. Nxe7+ Qxe7 20. Bd6 Bxb3 21. Bxe7 Bxd1 22. Bxf8 Bxf3 23. Be7 Ng4 24. Rac1 c4 25. h3 Rc6 26. Rc3 Ne5 27. Ree3 Re6 28. Bh4 f6 29. Bg3 Bxe4 30. Rxe4 Nf3+ 31. Rxf3 Rxe4 32. Re3 Rd4 33. Re2 Rd3 34. Kg2 Kf7 35. Bc7 Rd7 36. Ba5 Rd6 37. Bb4 Rc6 38. Re7+ Kg6 39. Rd7 Re6 40. Rd6 Re2 41. Bc3 Rc2 1-0

[Event "Copenhagen Challenge"]
[Site "Ballerup"]
[Date "2017.05.13"]
[Round "7"]
[White "Moe, Mogens"]
[Black "Larsen, Preben R"]
[Result "1-0"]
[WhiteElo "2185"]
[BlackElo "1841"]
[PlyCount "77"]
[EventDate "2017.05.10"]
[EventType "swiss"]
[EventRounds "9"]
[EventCountry "DEN"]
[SourceTitle "CBM 178 Extra"]
[Source "ChessBase"]
[SourceDate "2017.06.22"]
[SourceVersion "1"]
[SourceVersionDate "2017.06.22"]
[SourceQuality "1"]

1. e4 c5 2. Nf3 Nc6 3. d4 cxd4 4. Nxd4 e5 5. Nb5 a6 6. N5c3 Bc5 7. Be2 Nge7 8. 0-0 0-0 9. Nd2 Nd4 10. Nb3 d6 11. Bg5 Be6 12. Qd2 f6 13. Be3 Nxb3 14. axb3 Bxe3 15. Qxe3 d5 16. exd5 Nxd5 17. Nxd5 Qxd5 18. Qb6 Qd7 19. Rfd1 Qe7 20. Rd6 Bf5 21. c4 Rfd8 22. Rad1 Rxd6 23. Rxd6 Rc8 24. c5 Kf7 25. g4 Bg6 26. Bc4+ Kf8 27. Bd5 Bf7 28. Be4 Qc7 29. b4 Qxb6 30. Rxb6 a5 31. Bxb7 Rc7 32. bxa5 Rxc5 33. a6 Ra5 34. b4 Ra3 35. Be4 Bc4 36. Rb8+ Ke7 37. Rb7+ Kd6 38. a7 Be2 39. Rxg7 1-0

[Event "Copenhagen Bronshoj op"]
[Site "Copenhagen"]
[Date "2017.02.12"]
[Round "3"]
[White "Koch Mueller, Oscar"]
[Black "Larsen, Preben R"]
[Result "1-0"]
[WhiteElo "1644"]
[BlackElo "1823"]
[PlyCount "119"]
[EventDate "2017.02.10"]
[EventType "swiss"]
[EventRounds "7"]
[EventCountry "DEN"]
[SourceTitle "CBM 176 Extra"]
[Source "ChessBase"]
[SourceDate "2017.03.02"]
[SourceVersion "1"]
[SourceVersionDate "2017.03.02"]
[SourceQuality "1"]

1. e4 e5 2. f4 d5 3. exd5 exf4 4. Nf3 Nf6 5. d4 Nxd5 6. Bc4 g5 7. Ne5 Bg7 8. Nxf7 Kxf7 9. Qh5+ Kf8 10. 0-0 Be6 11. g3 Bf7 12. Qf3 Bxd4+ 13. Kh1 Ne3 14. Bxe3 Bxc4 15. Bxf4 Bd5 16. Bd6+ Ke8 17. Re1+ Kd7 18. Qxd5 Kc8 19. Qxd4 cxd6 20. Nc3 Nc6 21. Qg4+ Kc7 22. Rad1 h5 23. Qe6 a6 24. Rf1 Re8 25. Rf7+ Kb8 26. Qxd6+ Qxd6 27. Rxd6 Nd8 28. Rh7 Ka7 29. Rxh5 Rc8 30. Rd5 g4 31. Rhg5 Rc4 32. Rde5 Rf8 33. Re4 Rxe4 34. Nxe4 Rf1+ 35. Kg2 Re1 36. Rxg4 Re2+ 37. Nf2 Rxc2 38. h4 Nf7 39. Rg7 Ne5 40. h5 Rxb2 41. h6 Rb6 42. h7 Rh6 43. g4 Kb6 44. Re7 Ng6 45. Re6+ Kc7 46. Rxg6 Rxh7 47. Re6 Kd7 48. Re1 b5 49. Ne4 Rg7 50. Nf6+ Kc6 51. Kf3 b4 52. Re5 Rb7 53. g5 b3 54. axb3 Rxb3+ 55. Kf4 Kd6 56. Ne4+ Kc6 57. g6 Rb7 58. Kf5 Rb1 59. g7 Rg1 60. Ng5 1-0

[Event "Koge Xtracon op"]
[Site "Koge"]
[Date "2015.10.16"]
[Round "6"]
[White "Larsen, Preben R"]
[Black "Doluhanova, Evgeniya"]
[Result "0-1"]
[WhiteElo "1844"]
[BlackElo "2216"]
[PlyCount "52"]
[EventDate "2015.10.12"]
[EventType "swiss"]
[EventRounds "9"]
[EventCountry "DEN"]
[SourceTitle "CBM 168 Extra"]
[Source "ChessBase"]
[SourceDate "2015.10.29"]
[SourceVersion "1"]
[SourceVersionDate "2015.10.29"]
[SourceQuality "1"]

1. e4 c5 2. Nf3 d6 3. d4 cxd4 4. Nxd4 Nf6 5. Nc3 a6 6. Bg5 e6 7. Be2 Nc6 8. Nxc6 bxc6 9. 0-0 Be7 10. Be3 Rb8 11. b3 0-0 12. a3 c5 13. Bf3 Bb7 14. Re1 Nd7 15. Bf4 Bf6 16. Qd2 Ne5 17. Bxe5 Bxe5 18. Rad1 f5 19. Nb1 Qh4 20. g3 Qf6 21. Bg2 fxe4 22. Bxe4 Bd4 23. Bxb7 Bxf2+ 24. Kg2 Rxb7 25. Rf1 Qf3+ 26. Kh3 Rf5 0-1

[Event "Koge Xtracon op"]
[Site "Koge"]
[Date "2015.10.15"]
[Round "4"]
[White "Nielsen, Rogvi Egilstoft"]
[Black "Larsen, Preben R"]
[Result "1/2-1/2"]
[WhiteElo "2301"]
[BlackElo "1844"]
[PlyCount "88"]
[EventDate "2015.10.12"]
[EventType "swiss"]
[EventRounds "9"]
[EventCountry "DEN"]
[SourceTitle "CBM 168 Extra"]
[Source "ChessBase"]
[SourceDate "2015.10.29"]
[SourceVersion "1"]
[SourceVersionDate "2015.10.29"]
[SourceQuality "1"]

1. e4 e5 2. Bc4 Nc6 3. Nc3 d6 4. d3 Nf6 5. Nge2 Be6 6. Bb3 Be7 7. f4 Bxb3 8. axb3 d5 9. exd5 Nxd5 10. 0-0 0-0 11. Kh1 Nxf4 12. Bxf4 exf4 13. Nxf4 Bd6 14. Qh5 h6 15. Ne4 Bxf4 16. Rxf4 Ne7 17. Raf1 Ng6 18. R4f3 Qe7 19. Ng3 Rae8 20. Qd5 c6 21. Qa5 a6 22. Nf5 Qe5 23. Qa3 Re6 24. Qb4 Rf6 25. Nxh6+ Kh7 26. Rxf6 gxf6 27. Nf5 Qe2 28. Ng3 Qxc2 29. Qd4 Qxb3 30. Ne4 Qe6 31. Rxf6 Qe5 32. Qf2 Kg7 33. h3 Ne7 34. Qf3 Ng6 35. Rf5 Qxb2 36. Nd6 Qb3 37. Rg5 Rd8 38. Nf5+ Kf8 39. Rg3 Qe6 40. Qh5 Qe1+ 41. Kh2 Qe5 42. d4 Qf4 43. Kh1 Qf1+ 44. Kh2 Qf4 1/2-1/2

[Event "Koge Xtracon op"]
[Site "Koge"]
[Date "2015.10.12"]
[Round "1"]
[White "Larsen, Preben R"]
[Black "Jacobsen, Mikkel Manosri"]
[Result "0-1"]
[WhiteElo "1844"]
[BlackElo "2331"]
[PlyCount "94"]
[EventDate "2015.10.12"]
[EventType "swiss"]
[EventRounds "9"]
[EventCountry "DEN"]
[SourceTitle "CBM 168 Extra"]
[Source "ChessBase"]
[SourceDate "2015.10.29"]
[SourceVersion "1"]
[SourceVersionDate "2015.10.29"]
[SourceQuality "1"]

1. c4 c6 2. Nc3 d5 3. e3 Nf6 4. Nf3 g6 5. d4 Bg7 6. cxd5 cxd5 7. Bb5+ Bd7 8. Bxd7+ Nbxd7 9. Qb3 Nb6 10. Qb5+ Qd7 11. 0-0 0-0 12. Qxd7 Nbxd7 13. Rd1 Rac8 14. Bd2 Nb6 15. Be1 Nc4 16. Rab1 Rfd8 17. Ne5 e6 18. Nd3 b6 19. Kf1 Ne4 20. Ke2 Nxb2 21. Rdc1 Nxd3 22. Kxd3 Nxc3 23. Bxc3 Rc4 24. Rb3 Rdc8 25. Rcb1 Bf8 26. R1b2 Bd6 27. h3 h5 28. Bd2 Kg7 29. Bc3 g5 30. Bd2 g4 31. hxg4 hxg4 32. Rc3 e5 33. Rbc2 e4+ 34. Ke2 b5 35. Rxc4 dxc4 36. Rc1 b4 37. Be1 Kf6 38. f3 gxf3+ 39. gxf3 Kf5 40. f4 Ke6 41. Kd1 Kd5 42. Kc2 Rh8 43. Bg3 Rg8 44. Rg1 Be7 45. Kb2 Bh4 46. Bf2 Rxg1 47. Bxg1 f5 0-1

[Event "Politiken Cup 37th"]
[Site "Helsingor"]
[Date "2015.07.29"]
[Round "6"]
[White "Lund, Per"]
[Black "Larsen, Preben R"]
[Result "1/2-1/2"]
[WhiteElo "2029"]
[BlackElo "1808"]
[PlyCount "106"]
[EventDate "2015.07.25"]
[EventType "swiss"]
[EventRounds "10"]
[EventCountry "DEN"]
[SourceTitle "CBM 167 Extra"]
[Source "ChessBase"]
[SourceDate "2015.09.14"]
[SourceVersion "1"]
[SourceVersionDate "2015.09.14"]
[SourceQuality "1"]

1. e4 e5 2. Nf3 Nc6 3. Bc4 Bc5 4. c3 Nf6 5. d4 exd4 6. cxd4 Bb4+ 7. Bd2 Bxd2+ 8. Nbxd2 d5 9. exd5 Nxd5 10. Qb3 Nce7 11. 0-0 0-0 12. Ne5 c6 13. Ne4 Qb6 14. Rad1 Qxb3 15. Bxb3 Rd8 16. Rfe1 Rb8 17. h3 h6 18. a3 Kf8 19. Kh2 Bf5 20. g4 Bxe4 21. Rxe4 Rd6 22. Bxd5 Rxd5 23. Rde1 f6 24. Nc4 Rd7 25. Na5 Rbd8 26. b4 Nd5 27. Nb3 Nc3 28. R4e3 Na4 29. Kg3 Rd5 30. Kf3 R5d6 31. Re7 R6d7 32. Rxd7 Rxd7 33. Nc5 Nxc5 34. dxc5 Rd3+ 35. Re3 Rd1 36. Ke4 Kf7 37. f4 Rd5 38. Rd3 Rxd3 39. Kxd3 Ke6 40. Ke4 g6 41. f5+ gxf5+ 42. gxf5+ Kf7 43. Kf4 Ke7 44. Kg4 Kf7 45. h4 Kg7 46. h5 Kf7 47. Kf4 Ke7 48. Ke4 Kd7 49. Kd4 Kc7 50. Kc4 Kb8 51. a4 a6 52. a5 Kc7 53. Kd4 Kd7 1/2-1/2